Greenwich Healthcare NHS Trust v London and Quadrant Housing Trust and others (Record no. 57351)

MARC details
000 -LEADER
fixed length control field 01610cab a2200241 4500
001 - CONTROL NUMBER
control field ABS59804
008 - FIXED-LENGTH DATA ELEMENTS--GENERAL INFORMATION
fixed length control field 090401t1998 xxu||||| |||| 00| 0 eng d
035 ## - SYSTEM CONTROL NUMBER
System control number (Sirsi) u90449
041 ## - LANGUAGE CODE
Language code of text/sound track or separate title eng
245 ## - TITLE STATEMENT
Title Greenwich Healthcare NHS Trust v London and Quadrant Housing Trust and others
260 ## - PUBLICATION, DISTRIBUTION, ETC.
Date of publication, distribution, etc. 1998
350 ## - PRICE (NR) (BK AM CF MU VM SE) [OBSOLETE]
Price 0
490 ## - SERIES STATEMENT
Series statement Weekly Law Reports
Volume/sequential designation [1998] 1 WLR 11 December 1998, 1749-1757(9)
520 ## - SUMMARY, ETC.
Summary, etc. ChD 22 May 1998. The plaintiff G had acquired land where planning permission to build a hospital had been granted on condition that a new link road and junction be completed before the opening. In order to comply with the conditions they needed to realign a road which all but one of the defendants had right of way. The defendants had been given notice of the proposed development but none had objected to it. Because of concern that at some future date the defendants might object to the realignment, or to the changed use of land, the plaintiff applied for declarations that it was entitled to realign the right of way and the defendants were not entitled to an injunction to restrain the proposed realignment and that their rights were limited to an award of damages in respect of interference or a claim of compensation in respect for any breach of the restrictive covenant. Held.
650 ## - SUBJECT ADDED ENTRY--TOPICAL TERM
Topical term or geographic name entry element GREENWICH HEALTHCARE NHS TRUST V LONDON AND QUADRANT HOUSING TRUST
650 ## - SUBJECT ADDED ENTRY--TOPICAL TERM
Topical term or geographic name entry element PUBLIC HIGHWAY
650 ## - SUBJECT ADDED ENTRY--TOPICAL TERM
Topical term or geographic name entry element REALIGNMENT
650 ## - SUBJECT ADDED ENTRY--TOPICAL TERM
Topical term or geographic name entry element RESTRICTIVE COVENANT
650 ## - SUBJECT ADDED ENTRY--TOPICAL TERM
Topical term or geographic name entry element RIGHT OF WAY
690 ## - LOCAL SUBJECT ADDED ENTRY--TOPICAL TERM (OCLC, RLIN)
Topical term or geographic name as entry element HIGHWAYS RIGHTS OF WAY AND EASEMENTS-CASE LAW
942 ## - ADDED ENTRY ELEMENTS (KOHA)
Suppress in OPAC 0
948 ## - LOCAL PROCESSING INFORMATION (OCLC); SERIES PART DESIGNATOR (RLIN)
c (OCLC) 22/12/1998
Holdings
Withdrawn status Lost status Source of classification or shelving scheme Damaged status Not for loan Home library Current library Shelving location Date acquired Total Checkouts Full call number Barcode Date last seen Copy number Price effective from Koha item type
    Dewey Decimal Classification     London London Journal article 14/09/1999   ABS59804 90449-1001 06/08/2019 1 06/08/2019 Law report